| 000 | nam a22 7a 4500 | ||
|---|---|---|---|
| 999 |
_c331400 _d331400 |
||
| 003 | NUST | ||
| 005 | 20170926161020.0 | ||
| 008 | 170926b xxu||||| |||| 00| 0 eng d | ||
| 040 | _cNUST | ||
| 082 | _a351 | ||
| 100 |
_aHaleeem,Roshaan, Mahmad,Nida, Michael,Maham, Khalid,Hira, Rhman, Shafiq ur, & Habib,Usama _95020 |
||
| 245 | _aSignificance of state structures in successful implementation: a contextual study of Pakistan's energy sector | ||
| 260 |
_aIslamabad _c2015 |
||
| 300 | _a104p | ||
| 942 |
_2ddc _cTH |
||